Normal view MARC view
  • Educación

Entry Materia

Number of records used in: 1

001 - NÚMERO DE CONTROL DEL REGISTRO

  • campo de control: 59256

003 - IDENTIFICADOR DE NUMERO DE CONTROL

  • campo de control: MX-MxUPN

005 - FECHA Y HORA DE LA ÚLTIMA TRANSACCIÓN

  • campo de control: 20260414150800.0

008 - DATOS DE LONGITUD FIJA

  • campo de control de longitud fija: 260414n||acnnnbabn | a|a |d

040 ## - FUENTE DE LA CATALOGACIÓN

  • Centro catalogador de origen: MX-MxUPN
  • Lengua de catalogación: spa

150 ## - ENCABEZAMIENTO - TEMÁTICO

  • Término de materia o nombre geográfico como elemento inicial: Educación
  • Subdivisión de materia general: Investigación
  • Subdivisión de forma: Manuales

550 ## - VÉASE ADEMÁS - MATERIA

  • Encabezamiento temático o nombre geográfico como elemento de entrada: Educación
  • Subcampo de control: g

670 ## - FUENTE EN LA QUE SE LOCALIZARON DATOS

  • Cita de la fuente: Autoridades BGTQ, 14 abril 2026 :
  • Información localizada: (Educación -- Investigación -- Manuales)

902 ## - CATALOGADOR

  • Catalogador: JohanaAllegre/140426